Brain & Behavior: an introduction to biological psychology (Record no. 7141)

MARC details
000 -LEADER
fixed length control field 00563nam a22002057a 4500
003 - CONTROL NUMBER IDENTIFIER
control field OSt
005 - DATE AND TIME OF LATEST TRANSACTION
control field 20221004104601.0
008 - FIXED-LENGTH DATA ELEMENTS--GENERAL INFORMATION
fixed length control field 210906b ||||| |||| 00| 0 eng d
020 ## - INTERNATIONAL STANDARD BOOK NUMBER
International Standard Book Number 9781412981682
040 ## - CATALOGING SOURCE
Transcribing agency DDC
082 ## - DEWEY DECIMAL CLASSIFICATION NUMBER
Classification number W100 G191g 2011
100 ## - MAIN ENTRY--PERSONAL NAME
Personal name Garrett, Bob
9 (RLIN) 14704
245 ## - TITLE STATEMENT
Title Brain & Behavior: an introduction to biological psychology
250 ## - EDITION STATEMENT
Edition statement 3rd ed.
260 ## - PUBLICATION, DISTRIBUTION, ETC. (IMPRINT)
Place of publication, distribution, etc. Loss Anelees
Name of publisher, distributor, etc. Sage
Date of publication, distribution, etc. 2011
300 ## - PHYSICAL DESCRIPTION
Extent xvi,615p
Other physical details Col.ill:
Dimensions 28cm
504 ## - BIBLIOGRAPHY, ETC. NOTE
Bibliography, etc Glossary & Index included
650 ## - SUBJECT ADDED ENTRY--TOPICAL TERM
Topical term or geographic name as entry element Medical professional
9 (RLIN) 14706
942 ## - ADDED ENTRY ELEMENTS (KOHA)
Source of classification or shelving scheme Other/Generic Classification Scheme
Koha item type Open Shelf
Holdings
Withdrawn status Lost status Source of classification or shelving scheme Damaged status Not for loan Home library Current library Date acquired Source of acquisition Inventory number Total Checkouts Full call number Barcode Date last seen Koha item type
    Other/Generic Classification Scheme     MUST Main Library MUST Main Library 04/10/2022 Donation 14/38460   W100 G191g 2011 2022-8016 04/10/2022 Open Shelf